| 000 | 01011nam a22002657a 4500 | ||
|---|---|---|---|
| 005 | 20211204122343.0 | ||
| 008 | 211204b ||||| |||| 00| 0 eng d | ||
| 020 | _a8172240309 | ||
| 040 | _cAL | ||
| 041 | _aeng | ||
| 082 |
_223 _a294.56 _bKAMS |
||
| 100 |
_aM V Kamath _911208 |
||
| 110 |
_aV B Kher _911207 |
||
| 245 | _aSai Baba of Shirdi: A Unique Saint | ||
| 260 |
_aMumbai _bJaico Publishing House _c1997 |
||
| 300 |
_ax,328 p. _bHB _c21x14 cm. |
||
| 365 |
_b125.00 _c₹ _d125.00 |
||
| 520 | _aSai Baba of Shirdi, also known as Shirdi Sai Baba, was an Indian spiritual master who is regarded by his devotees to be a manifestation of Sri Dattaguru and identified as a saint and a fakir. He was likely born around 1838 and was revered by both his Hindu and Muslim devotees during, as well as after, his lifetime. | ||
| 650 |
_aHinduism _911201 |
||
| 650 |
_aReligion _911202 |
||
| 650 |
_aHindu Saints _911203 |
||
| 700 |
_aKAMATH (M V) _911204 |
||
| 700 |
_aKHER (V B) _911205 |
||
| 942 |
_2ddc _cGF |
||
| 999 |
_c220874 _d220874 |
||